00238nam a22000977a 4500020002200000082001700022100002100039245004200060260003000102300000800132 a978-81-264-3008-6 a923.1 AZH/AR aSukumar Azhikode aArangukaliloode Azhikkodu (Malayalam) aKottayambD C Booksc2011 a437